Introduction to analytic number theory / (Record no. 29183)
[ view plain ]
| 000 -LEADER | |
|---|---|
| fixed length control field | 00614 a2200181 4500 |
| 020 ## - INTERNATIONAL STANDARD BOOK NUMBER | |
| International Standard Book Number | 1441928057 |
| 020 ## - INTERNATIONAL STANDARD BOOK NUMBER | |
| International Standard Book Number | 9781441928054 |
| 082 04 - DEWEY DECIMAL CLASSIFICATION NUMBER | |
| Classification number | 512.73 |
| 090 ## - LOCALLY ASSIGNED LC-TYPE CALL NUMBER (OCLC); LOCAL CALL NUMBER (RLIN) | |
| -- | 553 |
| -- | 553 |
| 100 1# - MAIN ENTRY--PERSONAL NAME | |
| Personal name | Apostol, Tom M. |
| 245 10 - TITLE STATEMENT | |
| Title | Introduction to analytic number theory / |
| Statement of responsibility, etc. | Tom M. Apostol. |
| 260 ## - PUBLICATION, DISTRIBUTION, ETC. | |
| Place of publication, distribution, etc. | [S.l.] : |
| Name of publisher, distributor, etc. | Springer, |
| Date of publication, distribution, etc. | 1976. |
| 300 ## - PHYSICAL DESCRIPTION | |
| Extent | 338 p. ; |
| Dimensions | 24 cm. |
| 490 1# - SERIES STATEMENT | |
| Series statement | Undergraduate texts in mathematics. |
| 830 ## - SERIES ADDED ENTRY--UNIFORM TITLE | |
| Uniform title | Undergraduate texts in mathematics |
| 942 ## - ADDED ENTRY ELEMENTS (KOHA) | |
| Institution code [OBSOLETE] | SNS |
| Koha item type | Book |
| Call number prefix | 512.73 APO |
| Withdrawn status | Lost status | Damaged status | Not for loan | Permanent Location | Current Location | Date acquired | Total Checkouts | Full call number | Barcode | Checked out | Date last seen | Date last checked out | Price effective from | Koha item type |
|---|---|---|---|---|---|---|---|---|---|---|---|---|---|---|
| School of Natural Sciences (SNS) | School of Natural Sciences (SNS) | 05/26/2016 | 1 | 512.73 APO | SNS0000700 | 12/11/2025 | 11/11/2025 | 11/11/2025 | 05/26/2016 | Book |
